| 000 | 00000nas 2200000zi 4500 |
| 001 | 9.941851 |
| 003 | CaOODSP |
| 005 | 20241127112631 |
| 006 | m o d f |
| 007 | cr ||||||||||| |
| 008 | 240814d19801987onc x m o f0###a0eng|d |
| 040 | |aCaOODSP|beng|erda|cCaOODSP |
| 043 | |an-cn--- |
| 086 | 1 |aEn57-64E-PDF |
| 130 | 0 |aReport (Canada. Air Quality and Inter-Environmental Research Branch) |
| 245 | 10|aReport / |cAir Quality and Inter-Environmental Research Branch. |
| 246 | 3 |aAQRB report |
| 264 | 1|aDownsview, Ontario : |bAir Quality and Inter-Environmental Research Branch, Atmospheric Environment Service |
| 310 | |aIrregular |
| 336 | |atext|btxt|2rdacontent |
| 337 | |acomputer|bc|2rdamedia |
| 338 | |aonline resource|bcr|2rdacarrier |
| 500 | |aDigitized edition from print [produced by Environment and Climate Change Canada]. |
| 588 | |aDescription based on: AQRB-80-010-L (June 1980). |
| 588 | |aLatest issue consulted: AQRB-87-M-001 (February 1987). |
| 650 | 0|aAir quality|xResearch|zCanada. |
| 710 | 1 |aCanada. |bAir Quality and Inter-Environmental Research Branch, |eissuing body. |
| 710 | 1 |aCanada. |bAtmospheric Environment Service, |eissuing body. |